000 01450nab a22002657a 4500
999 _c5887
_d5887
003 OSt
005 20260109230830.0
008 190605e xxu||||| |||| 00| 0 spa d
040 _cPJ
100 _94582
_aGasquet, Pablo A.
245 1 0 _aEstatuto para el Personal de Casas Particulares. Diez años de la sanción de un régimen jurídico que se hizo esperar pero que al fin puso las cosas en su lugar /
_cPablo A. Gasquet.
260 _aCiudad Autónoma de Buenos Aires :
_bThomson Reuters La Ley,
_c2023.
300 _ap. 12-25
500 _aCita: TR LALEY AR/DOC/1492/2023.
505 _aSumario: I. Concepto.— II. Sujetos.— III. Objeto.— IV. Modalidades contractuales.— V. Jornada de trabajo, descanso, licencia por enfermedad y tutela de la maternidad.— VI. Remuneración.— VII. Extinción del contrato de trabajo.— VIII. Negociación colectiva.— IX. Conclusión.
505 _t¿Te interesa el texto completo? Solicitalo al correo: koha@justierradelfuego.gov.ar
650 0 _91316
_aDERECHO LABORAL
650 0 _91323
_aCONTRATO DE TRABAJO
650 0 _94447
_aPERSONAL DE CASAS PARTICULARES
650 0 _91466
_aMODALIDADES DEL CONTRATO DE TRABAJO
650 0 _91486
_aEXTINCION DEL CONTRATO DE TRABAJO
650 0 _91346
_aNEGOCIACION COLECTIVA
773 0 _02711
_93168
_dCiudad Autónoma de Buenos Aires : Thomson Reuters La Ley, 1999-2002.
_tRevista de derecho del trabajo. Nº 4 - Julio 2023
942 _2udc
_cANA